Responses for show #5264 - Thursday, June 28, 2007

Cathy Lanctot game 3.

Contestants

Rosemary Travis, a retired patient advocate from Palm Coast, Florida

Amy Ryan, a stay-at-home mom from Reynoldsburg, Ohio

Cathy Lanctot, a law professor from Wilmington, Delaware (whose 2-day cash winnings total $57,602)

Jeopardy! Round responses

THE 21st CENTURY
CLASSICAL MUSIC ROCKS
BUILDING A CATEGORY
CAPITALS OF THE WEST INDIES
FEELING "BLUE"?
CRIME RHYME TIME
    $200 6
Russia

Cathy
    $200 1
(Alex: Listen to a piece of his music.)

Handel

Cathy
    $200 17
(Amy: What is a dam?)
...
(Alex: The dams they build are even larger than that, we're talking about their homes, their dens, their [*].)

lodges

Amy
Triple Stumper
    $200 16
Kingston

Cathy
    $200 11
blue ribbon

Amy
    $200 19
Melanie's felonies

Amy
    $400 7
September 11, 2001

Cathy
    $400 2
Rossini

Cathy
    $400 18
Supreme Court

Amy
    $400 26
(Rosemary: What is Havana, Cuba?)
(Cathy: What is Panama City?)

Santo Domingo

CathyRosemary
Triple Stumper
    $400 12
blue whale

Amy
    $400 20
deft theft

Triple Stumper
    $1,500 8
(Cathy: What is an asteroid?)

a comet

Cathy
    $600 3
Carmen

Amy
    $600 25
Empire State Building

Rosemary
    $600 27
Nassau

Rosemary
    $600 13
Blue Ridge

Cathy
    $600 21
Parson's arsons

Cathy
    $800 9
euro

Cathy
    $800 4
Tchaikovsky

Cathy
    $800 22
roof

Amy
    $800 28
(Rosemary: What is San Juan, Puerto Rico?)

Havana

Rosemary
Triple Stumper
    $800 14
blueberries

Cathy
    $800 23
frail bail

Cathy
    $1000 10
Massachusetts

Cathy
    $1000 5
(Amy: Who is Mozart?)
...
(Alex: That was from The Four Seasons by [*].)

Antonio Vivaldi

Amy
Triple Stumper
    $1000 29
(Rosemary: What is Curacao?)
[The end-of-round signal sounds.]

Aruba

AmyRosemary
    $1000 15
Blue Grotto

Rosemary
    $1000 24
groovy juvie

Triple Stumper

Scores at the first commercial break (after clue 13):

Cathy Amy Rosemary
$2,900 $200 $0

Scores at the end of the Jeopardy! Round:

Cathy Amy Rosemary
$4,900 $2,400 $0

Double Jeopardy! Round responses

THE ART OF ASIA
SITCOM CITIES
WRITERS NAMED JAMES
SOUNDS LIKE A U.S. STATE
LADIES IN SPACE
HAS ANYBODY SEEN MY "GAL"?
    $400 24
(Amy: What is Iran?)

India

AmyRosemary
    $400 3
Cleveland

Amy
    $400 7
James Michener

Cathy
    $400 14
Hennessy

Cathy
    $400 27
Hubble Telescope

Cathy
    $400 1
Gallup

Rosemary
    $800 25
Buddha

Rosemary
    $800 4
Chicago

Triple Stumper
    $800 8
James Clavell

Rosemary
    $800 15
oregano

Rosemary
    $800 20
Endeavour

Cathy
    $800 2
(Amy: What is galloping?)

frugal

CathyAmy
    $1,600 26
dragon

Rosemary
    $1200 6
(Rosemary: What is Beverly Hills?)

Hooterville

Rosemary
Triple Stumper
    $1200 9
James Patterson

Cathy
    $1200 17
flora

Amy
    $1200 22
Sally Ride

Cathy
    $1200 5
Senegal

Cathy
    $1600 12
San Francisco

Cathy
    $1600 10
James Thurber

Cathy
    $1600 18
Lusitania

Cathy
    $1600 23
Valentina Tereshkova

Rosemary
    $1600 16
gallows humor

Amy
    $2000 29
(Amy: What is the dogwood?)
(Rosemary: What is the lotus?)
[The end-of-round signal sounds.]

plum

AmyRosemary
Triple Stumper
    $2000 13
Scranton

Amy
    $2000 11
James Dickey

Cathy
    $2000 21
Rhododendron

Amy
    $2,200 28
(Rosemary: Who is Shannon Glass?)

Lucid

Rosemary
    $2000 19
(Thomas) Gallaudet

Rosemary

Scores at the end of the Double Jeopardy! Round:

Cathy Amy Rosemary
$18,100 $6,400 $3,000
(lock game)

[wagering suggestions for these scores]

Final Jeopardy! Round responses

PRESIDENTIAL BOOKS
RosemaryWho was T. Roosevelt?
$2,000
AmyWho is John Quincy Adams?
$200
CathyWho was Theodore Roosevelt
$4,000
Theodore Roosevelt

Final scores:

Cathy Amy Rosemary
$22,100 $6,200 $5,000
3-day champion: $79,702 2nd place: $2,000 3rd place: $1,000

Game dynamics:

Coryat scores:

Cathy Amy Rosemary
$19,600 $6,400 $4,800
24 R,
2 W
(including 1 DD)
12 R,
5 W
11 R
(including 1 DD),
6 W
(including 1 DD)

Combined Coryat: $30,800

The J! Archive is created by fans, for fans. The Jeopardy! game show and all elements thereof, including but not limited to copyright and trademark thereto, are the property of Jeopardy Productions, Inc. and are protected under law. This website is not affiliated with, sponsored by, or operated by Jeopardy Productions, Inc. Join the discussion at JBoard.tv.